[Event "4NCL/Div4/FCA2 vs. ATH2"]
[Site "Birmingham ENG"]
[Date "2006.09.23"]
[Round "1.1"]
[White "Goldsworthy, Patrick"]
[Black "Hussain, Adrian"]
[Result "1-0"]
[WhiteElo "2085"]
[BlackElo "1800"]
[PlyCount "45"]
[EventDate "2006.09.23"]
[EventType "team"]
[EventRounds "11"]
[EventCountry "ENG"]
[WhiteTeam "FCA Solutions 2"]
[BlackTeam "Athenaeum 2"]

1. Nf3 d5 2. c4 Nf6 3. cxd5 Nxd5 4. e4 Nb6 5. d4 Bg4 6. Nc3 Bxf3 7. Qxf3 Qxd4
8. Nb5 Qd8 9. Bf4 e5 10. Bxe5 Bb4+ 11. Bc3 Bxc3+ 12. Qxc3 O-O 13. Nxc7 Na4 14.
Qg3 Qe7 15. Bd3 Qb4+ 16. Kf1 Qxb2 17. Rb1 Qd2 18. Qe3 Qxa2 19. Nxa8 Na6 20. Qc1
N6c5 21. Bc4 Qxf2+ 22. Kxf2 Nxe4+ 23. Kf3 1-0

[Event "4NCL/Div4/FCA2 vs. ATH2"]
[Site "Birmingham ENG"]
[Date "2006.09.23"]
[Round "1.2"]
[White "Wilson, David"]
[Black "Adebajo, Femi"]
[Result "0-1"]
[WhiteElo "1740"]
[BlackElo "2053"]
[PlyCount "138"]
[EventDate "2006.09.23"]
[EventType "team"]
[EventRounds "11"]
[EventCountry "ENG"]
[WhiteTeam "Athenaeum 2"]
[BlackTeam "FCA Solutions 2"]

1. e4 c5 2. b3 Nc6 3. Bb2 e6 4. Bb5 Nf6 5. Nc3 Be7 6. Nf3 O-O 7. O-O Qc7 8.
Bxc6 bxc6 9. e5 Nd5 10. Nxd5 cxd5 11. d4 c4 12. a4 Ba6 13. Re1 f6 14. Ba3 Bxa3
15. Rxa3 cxb3 16. cxb3 Rac8 17. Ra2 f5 18. h4 Qc3 19. Re3 Qc1 20. Re1 Qxd1 21.
Rxd1 Rc3 22. Rb2 Rb8 23. b4 Bc4 24. Rdb1 Ra3 25. a5 Kf8 26. Rc1 Ke7 27. Nd2
Rxa5 28. bxa5 Rxb2 29. Nxc4 dxc4 30. Rxc4 Rb1+ 31. Kh2 Ra1 32. Rc5 Ra4 33. g3
Rxd4 34. Rc7 Rd5 35. Rxa7 Rxe5 36. a6 Ra5 37. f4 Kf6 38. Rxd7 Rxa6 39. h5 h6
40. Rd2 e5 41. fxe5+ Kxe5 42. Re2+ Kf6 43. Kh3 Ra3 44. Rf2 Kg5 45. Rf4 Re3 46.
Rh4 Re4 47. Rxe4 fxe4 48. Kg2 Kxh5 49. Kf2 Kg4 50. Ke3 Kxg3 51. Kxe4 h5 52. Kf5
h4 53. Kg6 h3 54. Kxg7 h2 55. Kg6 h1=R 56. Kg5 Rh4 57. Kf5 Kf3 58. Kg5 Rf4 59.
Kg6 Ke4 60. Kg5 Ke5 61. Kg6 Rf5 62. Kh6 Kf6 63. Kh7 Rg5 64. Kh6 Kf5 65. Kh7 Rg1
66. Kh6 Rg2 67. Kh7 Kf6 68. Kh8 Kf7 69. Kh7 Rh2# 0-1

[Event "4NCL/Div4/FCA2 vs. ATH2"]
[Site "Birmingham ENG"]
[Date "2006.09.23"]
[Round "1.3"]
[White "Elwin, Adrian G"]
[Black "Foster, James M"]
[Result "1-0"]
[WhiteElo "2048"]
[BlackElo "1665"]
[PlyCount "95"]
[EventDate "2006.09.23"]
[EventType "team"]
[EventRounds "11"]
[EventCountry "ENG"]
[WhiteTeam "FCA Solutions 2"]
[BlackTeam "Athenaeum 2"]

1. Nf3 d5 2. c4 e6 3. d4 Nc6 4. Nc3 Nf6 5. Bg5 Bb4 6. Rc1 O-O 7. e3 h6 8. Bh4
Qe7 9. Ne5 g5 10. Bg3 Ne4 11. Nxc6 bxc6 12. Bd3 Nxc3 13. bxc3 Ba3 14. Rc2 c5
15. Qh5 dxc4 16. Bxc4 cxd4 17. exd4 Bb7 18. O-O Be4 19. Re2 Bf5 20. h4 Kg7 21.
hxg5 Qxg5 22. Qh2 Bd6 23. Re3 Kh7 24. Bxd6 cxd6 25. Qxd6 Rad8 26. Qg3 Qxg3 27.
Rxg3 Rc8 28. Bb3 Bg6 29. Re1 Kg7 30. Re5 Kf6 31. Rf3+ Ke7 32. Rfe3 Rc6 33. d5
Rd6 34. dxe6 f6 35. Rb5 Rb6 36. Rc5 Kd6 37. Rd5+ Kc6 38. Rd7 a6 39. Rg7 Bh5 40.
e7 Rh8 41. Ba4+ Kc5 42. e8=Q Bxe8 43. Bxe8 Rf8 44. Ba4 h5 45. Rd3 Rb2 46. Rc7+
Kb6 47. Rc6+ Ka5 48. Rd5+ 1-0

[Event "4NCL/Div4/FCA2 vs. ATH2"]
[Site "Birmingham ENG"]
[Date "2006.09.23"]
[Round "1.4"]
[White "Sant, Maria"]
[Black "Valentine, Brian J"]
[Result "0-1"]
[WhiteElo "1420"]
[BlackElo "2003"]
[PlyCount "80"]
[EventDate "2006.09.23"]
[EventType "team"]
[EventRounds "11"]
[EventCountry "ENG"]
[WhiteTeam "Athenaeum 2"]
[BlackTeam "FCA Solutions 2"]

1. e4 c6 2. f4 d5 3. exd5 Qxd5 4. Nf3 Nf6 5. Nc3 Qa5 6. Bc4 Bf5 7. Ng5 e6 8.
O-O Qc5+ 9. Kh1 Qxc4 10. d3 Qd4 11. Ne2 Qc5 12. Re1 Ng4 13. d4 Qxc2 14. Qxc2
Bxc2 15. Ng3 h6 16. Nf3 Bb4 17. Rf1 Bd3 18. Re1 Bxe1 19. Nxe1 Bc4 20. Ne4 O-O
21. Nd6 Ba6 22. Nf3 Rd8 23. Ne4 Nd7 24. b3 c5 25. dxc5 Nxc5 26. Ba3 Nxe4 27.
Re1 Rac8 28. h3 Ngf6 29. Be7 Rd1 30. Bxf6 gxf6 31. g4 Rxe1+ 32. Nxe1 Rc1 33.
Kg2 Rxe1 34. g5 f5 35. h4 Re2+ 36. Kf3 Bd3 37. gxh6 Nd2+ 38. Kg3 Be4 39. h5
Nf1+ 40. Kh3 Rh2# 0-1

[Event "4NCL/Div4/NOTT1 vs. ATH1"]
[Site "Birmingham ENG"]
[Date "2006.09.24"]
[Round "2.1"]
[White "Richmond, Robert J"]
[Black "Pedersen, Carsten"]
[Result "1/2-1/2"]
[WhiteElo "2229"]
[BlackElo "2108"]
[PlyCount "35"]
[EventDate "2006.09.24"]
[EventType "team"]
[EventRounds "11"]
[EventCountry "ENG"]
[WhiteTeam "Notts 1"]
[BlackTeam "Athenaeum 1"]

1. d4 Nf6 2. c4 Nc6 3. Nf3 e6 4. Nc3 Bb4 5. Qc2 d6 6. Bd2 O-O 7. a3 Bxc3 8.
Bxc3 Re8 9. e3 e5 10. Be2 exd4 11. Nxd4 Ne4 12. O-O Nxc3 13. Qxc3 Nxd4 14. Qxd4
Qe7 15. Bf3 Qe5 16. Rac1 Qxd4 17. exd4 c6 18. Rfe1 1/2-1/2

[Event "4NCL/Div4/NOTT1 vs. ATH1"]
[Site "Birmingham ENG"]
[Date "2006.09.24"]
[Round "2.2"]
[White "Stevenson, James A B"]
[Black "Mercs, Peter J"]
[Result "1/2-1/2"]
[WhiteElo "2089"]
[BlackElo "2066"]
[PlyCount "84"]
[EventDate "2006.09.24"]
[EventType "team"]
[EventRounds "11"]
[EventCountry "ENG"]
[WhiteTeam "Athenaeum 1"]
[BlackTeam "Notts 1"]

1. e4 c5 2. Nf3 d6 3. d4 cxd4 4. Nxd4 Nf6 5. Nc3 Nc6 6. Bc4 Qb6 7. Nb3 e6 8.
O-O Be7 9. Be3 Qc7 10. f4 a6 11. a4 b6 12. Be2 O-O 13. Bf3 Rb8 14. Qe2 Na5 15.
Nd2 Rd8 16. Bf2 d5 17. e5 Nd7 18. Bxd5 Nxe5 19. Bxe6 Bxe6 20. fxe5 Nc4 21. Nde4
Nxb2 22. Rfb1 Nc4 23. Bg3 Bc5+ 24. Nxc5 Qxc5+ 25. Bf2 Qxe5 26. Qxe5 Nxe5 27.
Rxb6 Rxb6 28. Bxb6 Rc8 29. Rd1 f6 30. Rd8+ Rxd8 31. Bxd8 Bf5 32. Nd5 Bxc2 33.
Nb4 Bd3 34. Kf2 Kf7 35. Bc7 Bc4 36. Ke3 Ke6 37. h4 Bf1 38. g3 Kd7 39. Bb8 Nc6
40. Nxc6 Kxc6 41. a5 Kd5 42. Kf4 Bh3 1/2-1/2

[Event "4NCL/Div4/NOTT1 vs. ATH1"]
[Site "Birmingham ENG"]
[Date "2006.09.24"]
[Round "2.3"]
[White "Levens, David"]
[Black "Kay, Jonathan"]
[Result "1/2-1/2"]
[WhiteElo "2085"]
[BlackElo "2000"]
[PlyCount "95"]
[EventDate "2006.09.24"]
[EventType "team"]
[EventRounds "11"]
[EventCountry "ENG"]
[WhiteTeam "Notts 1"]
[BlackTeam "Athenaeum 1"]

1. e4 c5 2. Nf3 Nc6 3. d4 cxd4 4. Nxd4 e5 5. Nb5 d6 6. N1c3 a6 7. Na3 b5 8. Nd5
Be6 9. c3 h6 10. Nc2 Nf6 11. Nxf6+ Qxf6 12. a4 bxa4 13. Rxa4 a5 14. Bb5 Bd7 15.
O-O Qd8 16. Ne3 Rb8 17. Qe2 Nd4 18. Bxd7+ Qxd7 19. Qd1 Ne2+ 20. Qxe2 Qxa4 21.
Nd5 Qc6 22. b4 axb4 23. cxb4 Be7 24. Qg4 Kf8 25. Be3 Qc8 26. Qe2 Bg5 27. Rc1
Qd8 28. Qc4 Bxe3 29. fxe3 g6 30. b5 Kg7 31. b6 Rc8 32. Nc7 Rb8 33. Rf1 Qd7 34.
Nd5 Rhc8 35. Qb3 Rb7 36. Qd1 Rf8 37. Qa1 f5 38. Rc1 fxe4 39. Rc7 Rxc7 40. Nxc7
Qf7 41. h3 Qb3 42. Qa7 Qxe3+ 43. Kh2 Rf7 44. Ne8+ Kg8 45. Qb8 Qf4+ 46. Kg1 Rf8
47. b7 Qf7 48. Qxd6 1/2-1/2

[Event "4NCL/Div4/NOTT1 vs. ATH1"]
[Site "Birmingham ENG"]
[Date "2006.09.24"]
[Round "2.4"]
[White "McAleenan, Charles"]
[Black "Burke, Steven J"]
[Result "1/2-1/2"]
[WhiteElo "1985"]
[BlackElo "2055"]
[PlyCount "38"]
[EventDate "2006.09.24"]
[EventType "team"]
[EventRounds "11"]
[EventCountry "ENG"]
[WhiteTeam "Athenaeum 1"]
[BlackTeam "Notts 1"]

1. d4 Nf6 2. Bg5 e6 3. e4 Be7 4. Nd2 b6 5. e5 Nd5 6. Bxe7 Nxe7 7. Ngf3 Ba6 8.
Bxa6 Nxa6 9. Ne4 d5 10. exd6 cxd6 11. Qd3 Nb4 12. Qd2 Nbd5 13. O-O Ng6 14. Rae1
h6 15. c4 Nf6 16. Qb4 Nxe4 17. Rxe4 O-O 18. Rg4 Qd7 19. h3 Rac8 1/2-1/2

[Event "4NCL/Div4/NOTT1 vs. ATH1"]
[Site "Birmingham ENG"]
[Date "2006.09.24"]
[Round "2.5"]
[White "Lakhani, Kishan"]
[Black "McLaughlin, Noel"]
[Result "1/2-1/2"]
[WhiteElo "1977"]
[BlackElo "1955"]
[PlyCount "63"]
[EventDate "2006.09.24"]
[EventType "team"]
[EventRounds "11"]
[EventCountry "ENG"]
[WhiteTeam "Notts 1"]
[BlackTeam "Athenaeum 1"]

1. e4 c5 2. Nf3 Nc6 3. d4 cxd4 4. Nxd4 e5 5. Nb5 d6 6. N1c3 a6 7. Na3 b5 8. Nd5
Nf6 9. Bg5 Qa5+ 10. Bd2 Qd8 11. Bg5 Qa5+ 12. Bd2 Qd8 13. Nxf6+ Qxf6 14. c3 Qg6
15. Qf3 Be7 16. Nc2 Bg4 17. Qe3 h6 18. h4 O-O 19. Bd3 Be6 20. a3 f5 21. O-O-O
d5 22. f3 Rac8 23. exd5 Bxd5 24. g4 f4 25. Qe2 Qf7 26. g5 h5 27. g6 Qe6 28.
Rdg1 Bc4 29. Ne1 Nd4 30. Qg2 Nb3+ 31. Kb1 Rfd8 32. Bxc4 1/2-1/2

[Event "4NCL/Div4/SCS1 vs. FCA2"]
[Site "Birmingham ENG"]
[Date "2006.09.24"]
[Round "2.1"]
[White "Moyse, Nigel"]
[Black "Goldsworthy, Patrick"]
[Result "1/2-1/2"]
[WhiteElo "2036"]
[BlackElo "2085"]
[PlyCount "60"]
[EventDate "2006.09.24"]
[EventType "team"]
[EventRounds "11"]
[EventCountry "ENG"]
[WhiteTeam "S C Stars 1"]
[BlackTeam "FCA Solutions 2"]

1. d4 Nf6 2. c4 g6 3. Nc3 d5 4. cxd5 Nxd5 5. e4 Nxc3 6. bxc3 Bg7 7. Be3 c5 8.
Rc1 cxd4 9. cxd4 O-O 10. Qd2 Nc6 11. d5 Ne5 12. h3 b6 13. Ne2 Ba6 14. Nd4 Bxf1
15. Rxf1 Rc8 16. Nc6 Qe8 17. Nxe5 Bxe5 18. f4 Bf6 19. Kf2 Qa4 20. e5 Bg7 21.
Kg1 Qa3 22. Rc6 Rfd8 23. Rfc1 Rxc6 24. Rxc6 Bf8 25. Rc7 Qa4 26. Kh2 Qe4 27. d6
exd6 28. Rxa7 Rc8 29. Qd4 Qxd4 30. Bxd4 b5 1/2-1/2

[Event "4NCL/Div4/SCS1 vs. FCA2"]
[Site "Birmingham ENG"]
[Date "2006.09.24"]
[Round "2.2"]
[White "Habershon, Paul"]
[Black "Sathyanandha, Saravanan"]
[Result "1-0"]
[WhiteElo "2095"]
[BlackElo "1930"]
[PlyCount "65"]
[EventDate "2006.09.24"]
[EventType "team"]
[EventRounds "11"]
[EventCountry "ENG"]
[WhiteTeam "FCA Solutions 2"]
[BlackTeam "S C Stars 1"]

1. e4 c5 2. Nc3 e6 3. Nf3 a6 4. d4 cxd4 5. Nxd4 Qc7 6. Be2 Ne7 7. O-O Ng6 8.
Be3 Nc6 9. Qd2 Be7 10. f4 Bf6 11. Nb3 d6 12. Rad1 Be7 13. Qe1 b5 14. Qf2 Rb8
15. g3 Nd8 16. Bf3 Nf8 17. e5 d5 18. Bxd5 exd5 19. Nxd5 Qd7 20. f5 Bb7 21. Nf6+
gxf6 22. Rxd7 Nxd7 23. exf6 Nxf6 24. Bc5 Be4 25. Bxe7 Kxe7 26. Qc5+ Kd7 27.
Rd1+ Bd5 28. Rxd5+ Nxd5 29. Qxd5+ Kc8 30. Qc5+ Kb7 31. Na5+ Ka8 32. Qd6 Ka7 33.
Qd4+ 1-0

[Event "4NCL/Div4/SCS1 vs. FCA2"]
[Site "Birmingham ENG"]
[Date "2006.09.24"]
[Round "2.3"]
[White "Sathyanandha, Senthuran"]
[Black "Elwin, Adrian G"]
[Result "1/2-1/2"]
[WhiteElo "1920"]
[BlackElo "2048"]
[PlyCount "30"]
[EventDate "2006.09.24"]
[EventType "team"]
[EventRounds "11"]
[EventCountry "ENG"]
[WhiteTeam "S C Stars 1"]
[BlackTeam "FCA Solutions 2"]

1. e4 c6 2. d4 d5 3. Nc3 dxe4 4. f3 e3 5. Bxe3 Bf5 6. Bc4 e6 7. Nge2 Bd6 8. Qd2
Nd7 9. Ng3 Bg6 10. Nge4 Nb6 11. Nxd6+ Qxd6 12. Bb3 Nf6 13. O-O Nbd5 14. Nxd5
Nxd5 15. Rfe1 Nxe3 1/2-1/2

[Event "4NCL/Div4/SCS1 vs. FCA2"]
[Site "Birmingham ENG"]
[Date "2006.09.24"]
[Round "2.4"]
[White "Adebajo, Femi"]
[Black "Scarry, Herbert"]
[Result "0-1"]
[WhiteElo "2053"]
[BlackElo "1812"]
[PlyCount "106"]
[EventDate "2006.09.24"]
[EventType "team"]
[EventRounds "11"]
[EventCountry "ENG"]
[WhiteTeam "FCA Solutions 2"]
[BlackTeam "S C Stars 1"]

1. e4 c6 2. d4 d5 3. Nc3 dxe4 4. f3 exf3 5. Nxf3 Bg4 6. Bc4 e6 7. O-O Nf6 8.
Ne2 Nbd7 9. c3 Bd6 10. Qe1 Qc7 11. Qh4 O-O-O 12. b4 h6 13. Qf2 Rhf8 14. Ng3 e5
15. dxe5 Nxe5 16. Nd2 Kb8 17. a4 Be6 18. Qe2 Neg4 19. Bxe6 fxe6 20. Nc4 Nxh2
21. Nxd6 Nxf1 22. Nxf1 Qxd6 23. Be3 Qd3 24. Qe1 e5 25. Bc5 Rfe8 26. a5 Ne4 27.
a6 Nxc5 28. bxc5 Rd5 29. axb7 Rxc5 30. Qf2 Qxc3 31. Rd1 Rd5 32. Rb1 Qc5 33. Ne3
Rd3 34. Re1 Kxb7 35. Rb1+ Kc7 36. Re1 Re7 37. Kh1 a5 38. Qf8 Rxe3 39. Rxe3 Qxe3
40. Qxe7+ Kb6 41. Qd8+ Kb5 42. Qb8+ Kc4 43. Qb7 c5 44. Qxg7 a4 45. Qf7+ Kc3 46.
Qa2 Kb4 47. Qb2+ Ka5 48. Qb7 a3 49. Qc7+ Kb4 50. Qb6+ Kc3 51. Qb1 c4 52. g3 a2
53. Qxa2 Qe1+ 0-1

[Event "4NCL/Div4/SCS1 vs. FCA2"]
[Site "Birmingham ENG"]
[Date "2006.09.24"]
[Round "2.5"]
[White "Lowry-O'Reilly, Hannah"]
[Black "Valentine, Brian J"]
[Result "0-1"]
[WhiteElo "1830"]
[BlackElo "2003"]
[PlyCount "94"]
[EventDate "2006.09.24"]
[EventType "team"]
[EventRounds "11"]
[EventCountry "ENG"]
[WhiteTeam "S C Stars 1"]
[BlackTeam "FCA Solutions 2"]

1. d4 d5 2. c4 c6 3. Nc3 Nf6 4. Nf3 dxc4 5. e3 b5 6. g3 e6 7. Bg2 Bb7 8. Ne5
Qc7 9. O-O a6 10. Bd2 c5 11. Nf3 Nc6 12. dxc5 Bxc5 13. Rb1 O-O 14. b3 cxb3 15.
Qxb3 Rac8 16. Rfc1 Na5 17. Qd1 Nc4 18. Qe2 Bxf3 19. Bxf3 Nxd2 20. Qxd2 Ba3 21.
Rc2 b4 22. Rb3 bxc3 23. Rcxc3 Bb4 24. Rxc7 Bxd2 25. Ra7 a5 26. Rb2 Bb4 27. Kg2
g6 28. g4 Rfd8 29. Kg3 Rd7 30. Rxd7 Nxd7 31. Be2 Kg7 32. f3 Rc3 33. e4 Ne5 34.
Bd1 Rd3 35. Be2 Rd2 36. Rxd2 Bxd2 37. h3 g5 38. h4 gxh4+ 39. Kxh4 Ng6+ 40. Kg3
Be1+ 41. Kg2 Nf4+ 42. Kf1 Nxe2 43. Kxe2 Bg3 44. Ke3 e5 45. Kd3 Kf6 46. Kd2 Kg5
47. Ke3 h6 0-1

[Event "4NCL/Div4/SCS1 vs. FCA2"]
[Site "Birmingham ENG"]
[Date "2006.09.24"]
[Round "2.6"]
[White "Evans, Helen"]
[Black "Lowry-O'Reilly, Johannah"]
[Result "1-0"]
[WhiteElo "1740"]
[BlackElo "1410"]
[PlyCount "35"]
[EventDate "2006.09.24"]
[EventType "team"]
[EventRounds "11"]
[EventCountry "ENG"]
[WhiteTeam "FCA Solutions 2"]
[BlackTeam "S C Stars 1"]

1. d4 d5 2. Bf4 e6 3. e3 Nf6 4. Nf3 Be7 5. Bd3 O-O 6. Ne5 Bd6 7. Nd2 Nc6 8. c3
b6 9. Nxc6 Qd7 10. Ne5 c5 11. Nxd7 Nxd7 12. Bxd6 Re8 13. Qh5 Nf6 14. Qh4 a5 15.
Be5 c4 16. Bc2 h6 17. Bxf6 g5 18. Qxh6 1-0

[Event "4NCL/Div4/KSP vs. CONQ1"]
[Site "Birmingham ENG"]
[Date "2006.09.24"]
[Round "2.1"]
[White "Harley-Yeo, Gareth"]
[Black "Foster, James C"]
[Result "1-0"]
[WhiteElo "2087"]
[BlackElo "1939"]
[PlyCount "67"]
[EventDate "2006.09.24"]
[EventType "team"]
[EventRounds "11"]
[EventCountry "ENG"]
[WhiteTeam "King supp Pawn"]
[BlackTeam "Conquistadors 1"]

1. d4 d5 2. c4 e6 3. Nc3 c5 4. cxd5 exd5 5. e4 dxe4 6. Bc4 cxd4 7. Qb3 Be6 8.
Bxe6 fxe6 9. Qxe6+ Qe7 10. Qc8+ Kf7 11. Qc4+ Qe6 12. Qxd4 Nf6 13. Qd8 Qd7 14.
Qxd7+ Nbxd7 15. Nh3 Kg6 16. O-O Bb4 17. Nf4+ Kf5 18. Nfd5 Bxc3 19. Nxc3 Ne5 20.
Be3 Rhd8 21. h3 h5 22. Nb5 Nc4 23. Bxa7 Rd5 24. a4 Nxb2 25. Rfb1 Nc4 26. Nd4+
Ke5 27. Rxb7 Rxd4 28. Bxd4+ Kxd4 29. Rxg7 Ra6 30. Rg5 Kc3 31. Rb5 Ra5 32. Rc1+
Kd3 33. Rxa5 Nxa5 34. Rc5 1-0

[Event "4NCL/Div4/KSP vs. CONQ1"]
[Site "Birmingham ENG"]
[Date "2006.09.24"]
[Round "2.2"]
[White "Davy, John"]
[Black "Healey, Michael"]
[Result "0-1"]
[WhiteElo "1950"]
[BlackElo "2023"]
[PlyCount "44"]
[EventDate "2006.09.24"]
[EventType "team"]
[EventRounds "11"]
[EventCountry "ENG"]
[WhiteTeam "Conquistadors 1"]
[BlackTeam "King supp Pawn"]

1. c4 e5 2. Nc3 Nf6 3. g3 Bb4 4. Qc2 Nc6 5. e3 Bxc3 6. bxc3 e4 7. Ba3 d6 8. f4
O-O 9. Ne2 Re8 10. h3 h5 11. Nd4 Ne7 12. Be2 c5 13. Nb3 Nf5 14. Kf2 h4 15. gxh4
Nh7 16. Ke1 Qxh4+ 17. Kd1 Ng3 18. Rh2 Nxe2 19. Rxe2 Qxh3 20. Kc1 Qf1+ 21. Qd1
Qxd1+ 22. Kxd1 Bg4 0-1

[Event "4NCL/Div4/KSP vs. CONQ1"]
[Site "Birmingham ENG"]
[Date "2006.09.24"]
[Round "2.3"]
[White "Davies, Matthew"]
[Black "Cork, David J"]
[Result "1-0"]
[WhiteElo "1960"]
[BlackElo "1960"]
[PlyCount "65"]
[EventDate "2006.09.24"]
[EventType "team"]
[EventRounds "11"]
[EventCountry "ENG"]
[WhiteTeam "King supp Pawn"]
[BlackTeam "Conquistadors 1"]

1. d4 Nf6 2. c4 g6 3. Nc3 Bg7 4. e4 d6 5. Nf3 O-O 6. Be2 e5 7. O-O Nc6 8. d5
Ne7 9. Nd2 Ne8 10. b4 f5 11. c5 fxe4 12. Ndxe4 Nf5 13. Bc4 Kh8 14. Bg5 Bf6 15.
Nxf6 Nxf6 16. Ne4 Bd7 17. a4 h6 18. Bxf6+ Rxf6 19. Nxf6 Qxf6 20. Qd2 Rf8 21.
Bb5 Bc8 22. Bd3 Qh4 23. cxd6 cxd6 24. Rac1 Nd4 25. Qe3 Bf5 26. f4 Bxd3 27. Qxd3
Qg4 28. Kh1 Ne2 29. fxe5 Nf4 30. Qf3 Qd7 31. g3 g5 32. gxf4 Rxf4 33. e6 1-0

[Event "4NCL/Div4/KSP vs. CONQ1"]
[Site "Birmingham ENG"]
[Date "2006.09.24"]
[Round "2.4"]
[White "Winchcombe, Andrew"]
[Black "Carpenter, Dai"]
[Result "1/2-1/2"]
[WhiteElo "1895"]
[BlackElo "2030"]
[PlyCount "113"]
[EventDate "2006.09.24"]
[EventType "team"]
[EventRounds "11"]
[EventCountry "ENG"]
[WhiteTeam "Conquistadors 1"]
[BlackTeam "King supp Pawn"]

1. e4 d5 2. exd5 Qxd5 3. Nc3 Qa5 4. Nf3 Nf6 5. Bc4 Bg4 6. O-O e6 7. h3 Bh5 8.
Re1 Be7 9. d4 c6 10. Bf4 O-O 11. Ne4 Nd5 12. Bxd5 cxd5 13. Ng3 Bg6 14. Ne5 Nc6
15. c3 Nxe5 16. Bxe5 Rfc8 17. Qg4 Bf8 18. h4 h6 19. h5 Bh7 20. Bf4 Kh8 21. Qe2
b5 22. a3 Qb6 23. Qe5 Kg8 24. Nf1 Rc6 25. Qe3 Bd6 26. Bxd6 Rxd6 27. g4 Qd8 28.
Qg3 Rb6 29. f4 Kh8 30. g5 Bf5 31. Re2 f6 32. gxh6 gxh6 33. Rg2 Rb7 34. Ne3 Be4
35. Kf2 Bxg2 36. Qxg2 Rg7 37. Qf1 Qc7 38. Ke2 Rag8 39. Qf2 a5 40. Qh4 Qf7 41.
Rf1 Rg1 42. Rf3 f5 43. Kd2 Rb1 44. Kc2 Rgg1 45. Qd8+ Kh7 46. Qxa5 Qxh5 47. Rf2
Qh3 48. Re2 Qf3 49. Qxb5 Qe4+ 50. Kd2 Qxf4 51. a4 Rbc1 52. Qd7+ Kg6 53. Qxe6+
Kg5 54. Qe7+ Kh5 55. Qf7+ Kh4 56. Qf6+ Kg3 57. Qg6+ 1/2-1/2

[Event "4NCL/Div4/KSP vs. CONQ1"]
[Site "Birmingham ENG"]
[Date "2006.09.24"]
[Round "2.5"]
[White "Spencer, Doug"]
[Black "Auckland, Elliot"]
[Result "1/2-1/2"]
[WhiteElo "1970"]
[BlackElo "1855"]
[PlyCount "39"]
[EventDate "2006.09.24"]
[EventType "team"]
[EventRounds "11"]
[EventCountry "ENG"]
[WhiteTeam "King supp Pawn"]
[BlackTeam "Conquistadors 1"]

1. d4 Nf6 2. Nc3 d5 3. e4 dxe4 4. f3 c5 5. Bb5+ Bd7 6. dxc5 Bxb5 7. Qxd8+ Kxd8
8. Nxb5 Nbd7 9. Be3 a6 10. Nc3 e6 11. O-O-O Rc8 12. Bg5 Bxc5 13. Nxe4 Be7 14.
Bxf6 gxf6 15. Ne2 f5 16. Nd6 Bxd6 17. Rxd6 Ke7 18. Rhd1 Nf6 19. Nc3 Rc7 20.
R6d4 1/2-1/2

[Event "4NCL/Div4/KSP vs. CONQ1"]
[Site "Birmingham ENG"]
[Date "2006.09.24"]
[Round "2.6"]
[White "Sathiraju, Vijay"]
[Black "Parry, Matthew"]
[Result "1/2-1/2"]
[WhiteElo "1750"]
[BlackElo "1677"]
[PlyCount "50"]
[EventDate "2006.09.24"]
[EventType "team"]
[EventRounds "11"]
[EventCountry "ENG"]
[WhiteTeam "Conquistadors 1"]
[BlackTeam "King supp Pawn"]

1. d4 Nf6 2. c4 g6 3. Nc3 d5 4. cxd5 Nxd5 5. e4 Nxc3 6. bxc3 Bg7 7. Bc4 c5 8.
Ne2 O-O 9. h4 Nc6 10. Be3 cxd4 11. cxd4 Na5 12. Bd3 Be6 13. Qa4 Rc8 14. Rc1
Rxc1+ 15. Bxc1 b6 16. f3 Qc8 17. h5 Bc4 18. Bxc4 Qxc4 19. Qxc4 Nxc4 20. hxg6
hxg6 21. Bh6 Bxh6 22. Rxh6 Rc8 23. Rh1 Nb2 24. Kd2 Nc4+ 25. Kd3 Nb2+ 1/2-1/2

[Event "4NCL/Div4/LEICS vs. JUTK"]
[Site "Birmingham ENG"]
[Date "2006.09.24"]
[Round "2.1"]
[White "Byron, Alan M"]
[Black "Mack, Andy"]
[Result "1-0"]
[WhiteElo "2260"]
[BlackElo "2226"]
[PlyCount "121"]
[EventDate "2006.09.24"]
[EventType "team"]
[EventRounds "11"]
[EventCountry "ENG"]
[WhiteTeam "Leicester"]
[BlackTeam "Jutes of Kent"]

1. d4 Nf6 2. Nf3 g6 3. Bg5 Bg7 4. Nbd2 O-O 5. c3 d6 6. h3 c5 7. e4 cxd4 8. Nxd4
Qa5 9. Be3 Nc6 10. Be2 Nxd4 11. Bxd4 Be6 12. O-O Rfc8 13. f4 b5 14. b4 Qa4 15.
Qxa4 bxa4 16. a3 Nd7 17. Bxg7 Kxg7 18. c4 Nb6 19. Rac1 Rc7 20. f5 Bd7 21. fxg6
hxg6 22. c5 dxc5 23. Rxc5 Rac8 24. Rfc1 Rxc5 25. Rxc5 Rd8 26. Nf3 Be6 27. Kf2
Bb3 28. Rc7 Rd7 29. Rxd7 Nxd7 30. Ke3 Kf6 31. Kd4 Nb6 32. Bd3 Ke6 33. Ng5+ Kd6
34. Nf3 Ba2 35. Nd2 e5+ 36. Kc3 Be6 37. g4 Bd7 38. Bb1 Be6 39. Bc2 Bd7 40. Bd3
Be6 41. Nf1 Bb3 42. Ne3 Be6 43. h4 Ke7 44. b5 Nd7 45. Kb4 Nf6 46. g5 Nd7 47.
Bc4 f5 48. gxf6+ Nxf6 49. Bd3 Kd6 50. Nc4+ Bxc4 51. Kxc4 Ng4 52. Kb4 Ne3 53.
Kxa4 Ng2 54. Ka5 Kc7 55. Ka6 Kb8 56. b6 axb6 57. Kxb6 Nxh4 58. a4 Ng2 59. a5
Ne1 60. Bc4 Nc2 61. a6 1-0

[Event "4NCL/Div4/LEICS vs. JUTK"]
[Site "Birmingham ENG"]
[Date "2006.09.24"]
[Round "2.2"]
[White "Harakis, Alexis"]
[Black "Edwards, Alan"]
[Result "1/2-1/2"]
[WhiteElo "2154"]
[BlackElo "2131"]
[PlyCount "56"]
[EventDate "2006.09.24"]
[EventType "team"]
[EventRounds "11"]
[EventCountry "ENG"]
[WhiteTeam "Jutes of Kent"]
[BlackTeam "Leicester"]

1. d4 Nf6 2. c4 e6 3. Nc3 Bb4 4. e3 O-O 5. Bd3 d5 6. cxd5 exd5 7. a3 Bxc3+ 8.
bxc3 c5 9. Ne2 cxd4 10. cxd4 b6 11. O-O Ba6 12. Bxa6 Nxa6 13. Qd3 Nc7 14. a4
Re8 15. Ba3 Qd7 16. Nc3 Ne4 17. Nb5 a6 18. Nxc7 Qxc7 19. f3 Nf6 20. Rfe1 Re6
21. e4 dxe4 22. fxe4 Qf4 23. Bc1 Qh4 24. g3 Qg4 25. e5 Nd5 26. Bd2 Rc6 27. Re4
Qg6 28. Rae1 a5 1/2-1/2

[Event "4NCL/Div4/LEICS vs. JUTK"]
[Site "Birmingham ENG"]
[Date "2006.09.24"]
[Round "2.3"]
[White "Gibson, Christopher A"]
[Black "Naylor, John"]
[Result "0-1"]
[WhiteElo "2021"]
[BlackElo "2227"]
[PlyCount "64"]
[EventDate "2006.09.24"]
[EventType "team"]
[EventRounds "11"]
[EventCountry "ENG"]
[WhiteTeam "Leicester"]
[BlackTeam "Jutes of Kent"]

1. d4 Nf6 2. c4 g6 3. Nc3 Bg7 4. e4 d6 5. f3 O-O 6. Be3 Nc6 7. Qd2 a6 8. Nge2
Rb8 9. Nc1 e5 10. Nb3 exd4 11. Nxd4 Ne5 12. Be2 c5 13. Nc2 Be6 14. b3 b5 15.
cxb5 axb5 16. Nxb5 Qd7 17. Nc3 c4 18. O-O cxb3 19. axb3 Rxb3 20. Nd4 Rb7 21.
Nxe6 Qxe6 22. Ra6 Nc4 23. Bxc4 Qxc4 24. Rxd6 Ne8 25. Rd4 Bxd4 26. Bxd4 Nc7 27.
Bf6 Rfb8 28. Qh6 Ne8 29. Nd5 Qc5+ 30. Kh1 Rb1 31. h3 Rxf1+ 32. Kh2 Qd6+ 0-1

[Event "4NCL/Div4/LEICS vs. JUTK"]
[Site "Birmingham ENG"]
[Date "2006.09.24"]
[Round "2.4"]
[White "Rice, Chris"]
[Black "Bingham, James T"]
[Result "1-0"]
[WhiteElo "2114"]
[BlackElo "2055"]
[PlyCount "51"]
[EventDate "2006.09.24"]
[EventType "team"]
[EventRounds "11"]
[EventCountry "ENG"]
[WhiteTeam "Jutes of Kent"]
[BlackTeam "Leicester"]

1. c4 Nf6 2. g3 e6 3. Bg2 d5 4. Nf3 Be7 5. O-O Nbd7 6. d4 dxc4 7. Nbd2 O-O 8.
Nxc4 c5 9. b3 Nb6 10. Nce5 Ne4 11. Bb2 f6 12. Nd3 cxd4 13. Nxd4 Ng5 14. Rc1 a6
15. h4 Nf7 16. Nf4 e5 17. Nfe6 Qd6 18. Nxf8 exd4 19. Nxh7 Kxh7 20. Qc2+ Kg8 21.
Rfd1 Nd5 22. Rxd4 Nb4 23. Qxc8+ Rxc8 24. Rxc8+ Qd8 25. Rdxd8+ Nxd8 26. Ba3 1-0